A course in differential geometry (Record no. 39080)

MARC details
000 -LEADER
fixed length control field 00720nam a2200181 a 4500
008 - FIXED-LENGTH DATA ELEMENTS--GENERAL INFORMATION
fixed length control field 100118s2001 ||||||||||||||||| || u
020 ## - INTERNATIONAL STANDARD BOOK NUMBER
International Standard Book Number 082182709X
050 ## - LIBRARY OF CONGRESS CALL NUMBER
Classification number QA 641 Aub
100 ## - MAIN ENTRY--PERSONAL NAME
Personal name Aubin, Thierry
245 12 - TITLE STATEMENT
Title A course in differential geometry
Statement of responsibility, etc. Thierry Aubin
260 ## - PUBLICATION, DISTRIBUTION, ETC.
Place of publication, distribution, etc. Providence, Rhode Island:
Name of publisher, distributor, etc. American Mathematical Society
Date of publication, distribution, etc. 2001
300 ## - PHYSICAL DESCRIPTION
Extent xi, 184p.: ill.
350 ## - PRICE (NR) (BK AM CF MU VM SE) [OBSOLETE]
Price 0.00
490 ## - SERIES STATEMENT
Series statement Graduate Studies in mathematics series, vol. 27
650 #0 - SUBJECT ADDED ENTRY--TOPICAL TERM
Topical term or geographic name entry element MATHEMATICS--HANDBOOKS, MANUALS, ETC
650 ## - SUBJECT ADDED ENTRY--TOPICAL TERM
Topical term or geographic name entry element GEOMETRY, DIFFERENTIAL
995 ## - RECOMMENDATION 995 [LOCAL, UNIMARC FRANCE]
-- 0.00
-- CBU-MAIN LIBRARY (Kitwe)
-- 1
-- 0.00
-- 1
-- AVAILABLE
-- Mar 19, 2010
-- Annex Low-Usage Collection
Holdings
Withdrawn status Lost status Source of classification or shelving scheme Damaged status Not for loan Home library Current library Shelving location Date acquired Total Checkouts Full call number Barcode Date last seen Price effective from Koha item type
          CBU-MAIN LIBRARY, KITWE. CBU-MAIN LIBRARY, KITWE.   11/30/2022   QA 641 Aub 741066 11/30/2022 11/30/2022 MONOGRAPH